Entry Konu Terimi
001 - KONTROL NUMARASI
- Kontrol alanı: 67716
003 - KONTROL NUMARASI KİMLİĞİ
- Kontrol alanı: TR-BiSEU
005 - SON İŞLEM TARİHİ VE ZAMANI
- Kontrol alanı: 20260207002942.0
008 - SABİT UZUNLUKTAKİ VERİ ÖGELERİ - GENEL BİLGİ
- Sabit uzunlukta kontrol alanı: 260207|| aca||aabn | a|a d
040 ## - KATALOGLAMA KAYNAĞI
- Özgün kataloglama kurumu: TR-BiSEU
- Çeviri kurumu: TR-BiSEU
150 ## - KONU BAŞLIKLARI - KONU TERİMİ
- Konu terimi: Cabinet system--Turkey--Congresses
670 ## - BİLGİNİN KAYNAĞI
- Bilginin alındığı kaynak: KOHA: (TR-BiSEU)35357: Türkiye'de parlamenter sistemin sorunları ve çözüm önerileri semineri (Ankara : 1997) 67715, Türkiye'de parlamenter sistemin sorunları ve çözüm önerileri semineri, 4 Aralık 1997, Hilton Oteli, Ankara/
